000 00764nam a2200205 i 4500
001 42210
003 ES-MaACL
005 20250806051912.0
007 t|
008 030312s1944 ag af |||| | spa d
100 1 _aCastex, Mariano R.
_936625
245 1 0 _aAfecciones vasculares del cerebro
_b: conferencias dictadas en al Academia Nacional de Medicina de Buenos Aires en julio de 1943 /
_cpor Mariano R. Castex.
260 _aBuenos Aires :
_bAniceto López,
_c1944.
300 _a336 p., 7 lám. :
_bil. ;
_c23 cm.
490 1 _aBiblioteca argentina de medicina interna
650 7 _aEnfermedades cerebrovasculares
_2embne
_9144320
830 0 _aBiblioteca argentina de medicina interna
_9181911
852 _aES-MaACL
_jE-1637
999 _c42210
_d42210